[Event "DEM U14w 2024"]
[Site "Willingen GER"]
[Date "2024.05.19"]
[Round "2"]
[White "Neumeier, Valentina"]
[Black "Färber, Anna"]
[Result "1-0"]
[Termination "normal"]
[Board "7"]
[WhiteElo "1805"]
[BlackElo "1661"]
[WhiteClock "00:43:51"]
[BlackClock "00:41:55"]
[PlyCount "43"]
[WhiteFideId "34608222"]
[BlackFideId "34633480"]
[EventCountry "GER"]
[EventRounds "9"]
[EventType "swiss"]
[EventDate "2024.05.18"]

1. e4 {[%clk 01:30:59]} {[%emt 00:00:01]} e6 {[%clk 01:30:54]} {[%emt
00:00:06]} 2. d3 {[%clk 01:31:25]} {[%emt 00:00:04]} d5 {[%clk 01:30:40]}
{[%emt 00:00:43]} 3. Nd2 {[%clk 01:31:49]} {[%emt 00:00:07]} Nc6 {[%clk
01:25:22]} {[%emt 00:05:47]} 4. Ngf3 {[%clk 01:31:53]} {[%emt 00:00:27]} Bc5
{[%clk 01:24:24]} {[%emt 00:01:28]} 5. g3 {[%clk 01:31:50]} {[%emt 00:00:32]}
Nge7 {[%clk 01:21:20]} {[%emt 00:03:35]} 6. Bg2 {[%clk 01:31:40]} {[%emt
00:00:40]} O-O {[%clk 01:20:41]} {[%emt 00:01:09]} 7. O-O {[%clk 01:31:15]}
{[%emt 00:00:55]} a5 {[%clk 01:19:19]} {[%emt 00:01:51]} 8. Re1 {[%clk
01:30:34]} {[%emt 00:01:11]} Bb6 {[%clk 01:14:09]} {[%emt 00:05:41]} 9. Nf1
{[%clk 01:27:45]} {[%emt 00:03:19]} Bd7 {[%clk 01:02:17]} {[%emt 00:12:22]} 10.
h4 {[%clk 01:26:39]} {[%emt 00:01:36]} h6 {[%clk 01:00:58]} {[%emt 00:01:49]}
11. N1h2 {[%clk 01:25:27]} {[%emt 00:01:41]} Nd4 {[%clk 00:57:30]} {[%emt
00:03:58]} 12. Nxd4 {[%clk 01:18:34]} {[%emt 00:07:24]} Bxd4 {[%clk 00:57:56]}
{[%emt 00:00:04]} 13. c3 {[%clk 01:17:07]} {[%emt 00:01:57]} Ba7 {[%clk
00:56:23]} {[%emt 00:02:02]} 14. Ng4 {[%clk 01:13:29]} {[%emt 00:04:09]} Kh7
{[%clk 00:52:46]} {[%emt 00:04:07]} 15. Bf4 {[%clk 01:01:14]} {[%emt 00:12:44]}
Ng6 {[%clk 00:50:12]} {[%emt 00:03:04]} 16. Qd2 {[%clk 00:56:53]} {[%emt
00:04:51]} h5 {[%clk 00:45:11]} {[%emt 00:05:31]} 17. Bg5 {[%clk 00:45:50]}
{[%emt 00:11:33]} f6 {[%clk 00:42:00]} {[%emt 00:03:41]} 18. Bxf6 {[%clk
00:45:50]} {[%emt 00:00:31]} gxf6 {[%clk 00:42:06]} {[%emt 00:00:23]} 19. Qh6+
{[%clk 00:46:06]} {[%emt 00:00:14]} Kg8 {[%clk 00:42:03]} {[%emt 00:00:34]} 20.
Qxg6+ {[%clk 00:46:29]} {[%emt 00:00:07]} Kh8 {[%clk 00:42:20]} {[%emt
00:00:12]} 21. Qxh5+ {[%clk 00:45:54]} {[%emt 00:01:06]} Kg7 {[%clk 00:41:55]}
{[%emt 00:00:54]} 22. Qh6+ {[%clk 00:43:51]} {[%emt 00:02:33]} 1-0

[Event "DEM U14w 2024"]
[Site "Willingen GER"]
[Date "2024.05.19"]
[Round "2"]
[White "Chandrasekher, Ritu"]
[Black "Fischermann, Charlotte"]
[Result "1/2-1/2"]
[Termination "normal"]
[Board "8"]
[WhiteElo "1633"]
[BlackElo "1622"]
[WhiteClock "00:30:26"]
[BlackClock "00:38:15"]
[PlyCount "114"]
[WhiteFideId "34609024"]
[BlackFideId "34619690"]
[EventCountry "GER"]
[EventRounds "9"]
[EventType "swiss"]
[EventDate "2024.05.18"]

1. e4 {[%clk 01:30:57]} {[%emt 00:00:03]} e5 {[%clk 01:29:51]} {[%emt
00:01:09]} 2. Nf3 {[%clk 01:31:19]} {[%emt 00:00:08]} Nc6 {[%clk 01:29:56]}
{[%emt 00:00:25]} 3. d4 {[%clk 01:31:36]} {[%emt 00:00:12]} exd4 {[%clk
01:29:40]} {[%emt 00:00:47]} 4. Bc4 {[%clk 01:31:58]} {[%emt 00:00:08]} Be7
{[%clk 01:27:54]} {[%emt 00:02:16]} 5. O-O {[%clk 01:32:00]} {[%emt 00:00:27]}
Nf6 {[%clk 01:27:33]} {[%emt 00:00:51]} 6. e5 {[%clk 01:31:37]} {[%emt
00:00:53]} Ne4 {[%clk 01:26:17]} {[%emt 00:01:46]} 7. Bd5 {[%clk 01:26:52]}
{[%emt 00:05:15]} Nc5 {[%clk 01:22:00]} {[%emt 00:04:48]} 8. Nxd4 {[%clk
01:23:42]} {[%emt 00:03:40]} Nxe5 {[%clk 01:14:40]} {[%emt 00:07:50]} 9. Qh5
{[%clk 01:21:01]} {[%emt 00:03:11]} Ng6 {[%clk 01:14:20]} {[%emt 00:00:50]} 10.
Nf5 {[%clk 01:20:05]} {[%emt 00:01:25]} Bf6 {[%clk 01:12:14]} {[%emt 00:02:37]}
11. Re1+ {[%clk 01:10:30]} {[%emt 00:10:05]} Ne6 {[%clk 01:12:11]} {[%emt
00:00:33]} 12. Nc3 {[%clk 01:02:57]} {[%emt 00:08:03]} O-O {[%clk 01:08:17]}
{[%emt 00:04:24]} 13. Qg4 {[%clk 00:55:39]} {[%emt 00:07:48]} c6 {[%clk
01:05:10]} {[%emt 00:03:37]} 14. Bxe6 {[%clk 00:51:35]} {[%emt 00:04:34]} fxe6
{[%clk 01:04:33]} {[%emt 00:01:08]} 15. Nd6 {[%clk 00:49:18]} {[%emt 00:02:45]}
Qe7 {[%clk 01:03:40]} {[%emt 00:01:23]} 16. Nce4 {[%clk 00:48:37]} {[%emt
00:01:12]} b6 {[%clk 01:01:03]} {[%emt 00:03:07]} 17. c3 {[%clk 00:47:28]}
{[%emt 00:01:38]} Ba6 {[%clk 01:00:15]} {[%emt 00:01:18]} 18. Be3 {[%clk
00:45:37]} {[%emt 00:02:21]} Ne5 {[%clk 00:57:14]} {[%emt 00:03:31]} 19. Qh5
{[%clk 00:42:07]} {[%emt 00:04:00]} Nd3 {[%clk 00:54:21]} {[%emt 00:03:23]} 20.
Re2 {[%clk 00:38:11]} {[%emt 00:04:26]} Nc5 {[%clk 00:51:49]} {[%emt 00:03:02]}
21. Rd2 {[%clk 00:37:19]} {[%emt 00:01:22]} Nxe4 {[%clk 00:51:36]} {[%emt
00:00:43]} 22. Nxe4 {[%clk 00:37:09]} {[%emt 00:00:40]} d5 {[%clk 00:50:45]}
{[%emt 00:01:21]} 23. Nxf6+ {[%clk 00:35:38]} {[%emt 00:02:01]} Qxf6 {[%clk
00:50:33]} {[%emt 00:00:43]} 24. Rd4 {[%clk 00:34:04]} {[%emt 00:02:03]} Qf5
{[%clk 00:50:07]} {[%emt 00:00:55]} 25. Qh4 {[%clk 00:32:53]} {[%emt 00:01:41]}
c5 {[%clk 00:47:11]} {[%emt 00:03:28]} 26. Rg4 {[%clk 00:31:11]} {[%emt
00:02:11]} Rf7 {[%clk 00:45:39]} {[%emt 00:02:01]} 27. Rf4 {[%clk 00:30:20]}
{[%emt 00:01:22]} Qc2 {[%clk 00:45:08]} {[%emt 00:00:59]} 28. Rc1 {[%clk
00:28:40]} {[%emt 00:02:13]} Rxf4 {[%clk 00:41:57]} {[%emt 00:03:41]} 29. Qxf4
{[%clk 00:27:57]} {[%emt 00:01:12]} Qxb2 {[%clk 00:39:44]} {[%emt 00:02:43]}
30. Qd6 {[%clk 00:26:29]} {[%emt 00:01:58]} Qxa2 {[%clk 00:33:59]} {[%emt
00:06:16]} 31. Qxe6+ {[%clk 00:26:45]} {[%emt 00:00:13]} Kh8 {[%clk 00:27:28]}
{[%emt 00:07:00]} 32. h4 {[%clk 00:24:47]} {[%emt 00:02:29]} Bc4 {[%clk
00:26:49]} {[%emt 00:01:09]} 33. Qc6 {[%clk 00:23:59]} {[%emt 00:05:47]} Rg8
{[%clk 00:26:03]} 34. h5 {[%clk 00:23:58]} d4 {[%clk 00:23:28]} {[%emt
00:00:24]} 35. cxd4 {[%clk 00:23:13]} {[%emt 00:01:14]} Bd5 {[%clk 00:22:59]}
{[%emt 00:01:00]} 36. Qd6 {[%clk 00:21:33]} {[%emt 00:02:10]} Bb7 {[%clk
00:16:25]} {[%emt 00:07:01]} 37. Qg3 {[%clk 00:15:32]} {[%emt 00:06:33]} cxd4
{[%clk 00:14:47]} {[%emt 00:02:09]} 38. Bxd4 {[%clk 00:14:35]} {[%emt
00:01:26]} Qd5 {[%clk 00:13:15]} {[%emt 00:02:02]} 39. Be5 {[%clk 00:12:51]}
{[%emt 00:02:12]} Qd2 {[%clk 00:09:17]} {[%emt 00:04:29]} 40. Bf4 {[%clk
00:11:30]} {[%emt 00:01:52]} Qd5 {[%clk 00:08:06]} {[%emt 00:01:41]} 41. h6
{[%clk 00:05:55]} {[%emt 00:08:02]} Qxg2+ {[%clk 00:06:54]} {[%emt 00:00:12]}
42. Qxg2 {[%clk 00:06:07]} {[%emt 00:00:02]} Bxg2 {[%clk 00:07:19]} 43. Kxg2
{[%clk 00:06:26]} {[%emt 00:00:05]} gxh6+ {[%clk 00:07:18]} {[%emt 00:00:31]}
44. Kh2 {[%clk 00:05:10]} {[%emt 00:01:27]} Ra8 {[%clk 00:07:17]} {[%emt
00:00:49]} 45. Bxh6 {[%clk 00:04:37]} {[%emt 00:01:03]} a5 {[%clk 00:07:16]}
{[%emt 00:00:32]} 46. Rb1 {[%clk 00:03:43]} {[%emt 00:01:24]} Ra6 {[%clk
00:06:54]} {[%emt 00:00:51]} 47. Be3 {[%clk 00:03:47]} {[%emt 00:00:26]} a4
{[%clk 00:06:38]} {[%emt 00:00:47]} 48. Bxb6 {[%clk 00:02:20]} {[%emt
00:01:57]} Kg7 {[%clk 00:06:46]} {[%emt 00:00:21]} 49. Bd4+ {[%clk 00:01:29]}
{[%emt 00:01:21]} Kg6 {[%clk 00:07:02]} {[%emt 00:00:15]} 50. Rb6+ {[%clk
00:01:04]} {[%emt 00:00:55]} Rxb6 {[%clk 00:07:19]} {[%emt 00:00:13]} 51. Bxb6
{[%clk 00:01:27]} {[%emt 00:00:07]} Kf5 {[%clk 00:07:38]} {[%emt 00:00:10]} 52.
Bd4 {[%clk 00:01:29]} {[%emt 00:00:29]} Ke4 {[%clk 00:07:29]} {[%emt 00:00:38]}
53. Ba1 {[%clk 00:01:41]} {[%emt 00:00:18]} Kf3 {[%clk 00:07:42]} {[%emt
00:00:17]} 54. Kg1 {[%clk 00:01:04]} {[%emt 00:01:06]} h5 {[%clk 00:07:46]}
{[%emt 00:00:27]} 55. Bf6 {[%clk 00:00:50]} {[%emt 00:00:44]} a3 {[%clk
00:07:53]} {[%emt 00:00:24]} 56. Kf1 {[%clk 00:30:15]} {[%emt 00:01:04]} a2
{[%clk 00:38:10]} {[%emt 00:00:14]} 57. Kg1 {[%clk 00:30:26]} {[%emt 00:00:18]}
h4 {[%clk 00:38:15]} {[%emt 00:00:25]} 1/2-1/2

[Event "DEM U14w 2024"]
[Site "Willingen GER"]
[Date "2024.05.19"]
[Round "2"]
[White "Richter, Anastasia"]
[Black "Kopylov, Diana"]
[Result "0-1"]
[Termination "normal"]
[Board "9"]
[WhiteElo "1562"]
[BlackElo "1887"]
[WhiteClock "00:01:18"]
[BlackClock "00:33:30"]
[PlyCount "70"]
[WhiteFideId "34659099"]
[BlackFideId "16268865"]
[EventCountry "GER"]
[EventRounds "9"]
[EventType "swiss"]
[EventDate "2024.05.18"]

1. e4 {[%clk 01:30:57]} {[%emt 00:00:02]} e6 {[%clk 01:30:55]} {[%emt
00:00:06]} 2. d4 {[%clk 01:31:23]} {[%emt 00:00:05]} d5 {[%clk 01:31:20]}
{[%emt 00:00:05]} 3. e5 {[%clk 01:31:47]} {[%emt 00:00:06]} c5 {[%emt
00:00:09]} 4. c3 {[%clk 01:32:11]} {[%emt 00:00:06]} Qb6 {[%clk 01:31:43]}
{[%emt 00:00:27]} 5. Nf3 {[%clk 01:32:03]} {[%emt 00:00:38]} Nc6 {[%clk
01:32:00]} {[%emt 00:00:13]} 6. Bd3 {[%clk 01:31:40]} {[%emt 00:00:53]} Nh6
{[%clk 01:31:25]} {[%emt 00:01:05]} 7. O-O {[%clk 01:29:22]} {[%emt 00:02:48]}
Nf5 {[%clk 01:30:55]} {[%emt 00:00:59]} 8. Bxf5 {[%clk 01:24:26]} {[%emt
00:05:27]} exf5 {[%clk 01:31:17]} {[%emt 00:00:08]} 9. Re1 {[%clk 01:19:01]}
{[%emt 00:05:53]} Be6 {[%clk 01:31:09]} {[%emt 00:00:39]} 10. Nbd2 {[%clk
01:13:16]} {[%emt 00:06:16]} cxd4 {[%clk 01:30:01]} {[%emt 00:01:38]} 11. Nb3
{[%clk 01:13:03]} {[%emt 00:00:41]} dxc3 {[%clk 01:29:10]} {[%emt 00:01:23]}
12. bxc3 {[%clk 01:12:25]} {[%emt 00:01:08]} Be7 {[%clk 01:29:12]} {[%emt
00:00:28]} 13. Be3 {[%clk 01:09:07]} {[%emt 00:03:46]} Qc7 {[%clk 01:28:46]}
{[%emt 00:00:58]} 14. Bd4 {[%clk 01:00:47]} {[%emt 00:08:51]} O-O {[%emt
00:04:55]} 15. Rc1 {[%clk 00:57:44]} {[%emt 00:03:31]} Rac8 {[%clk 01:20:47]}
{[%emt 00:04:06]} 16. Nfd2 {[%clk 00:44:38]} {[%emt 00:13:33]} b6 {[%clk
01:17:16]} {[%emt 00:04:04]} 17. f4 {[%clk 00:39:11]} {[%emt 00:05:56]} Qd7
{[%clk 01:14:52]} {[%emt 00:02:54]} 18. Nf3 {[%clk 00:37:44]} {[%emt 00:01:53]}
Nxd4 {[%clk 01:10:57]} {[%emt 00:04:29]} 19. cxd4 {[%clk 00:34:15]} {[%emt
00:03:59]} Qa4 {[%clk 01:07:17]} {[%emt 00:04:10]} 20. Qe2 {[%clk 00:29:27]}
{[%emt 00:05:15]} Rc4 {[%clk 01:04:20]} {[%emt 00:03:30]} 21. Nfd2 {[%clk
00:26:07]} {[%emt 00:03:49]} Rxc1 {[%clk 01:03:10]} {[%emt 00:01:41]} 22. Rxc1
{[%clk 00:26:34]} {[%emt 00:00:02]} Qxa2 {[%clk 00:58:16]} {[%emt 00:05:25]}
23. Ra1 {[%clk 00:25:06]} {[%emt 00:01:53]} Qb2 {[%clk 00:57:16]} {[%emt
00:01:33]} 24. Rxa7 {[%clk 00:24:26]} {[%emt 00:01:12]} Bb4 {[%clk 00:53:50]}
{[%emt 00:03:55]} 25. Ra4 {[%clk 00:17:00]} {[%emt 00:07:55]} Bxd2 {[%clk
00:47:59]} {[%emt 00:06:22]} 26. Nxd2 {[%clk 00:17:17]} {[%emt 00:00:14]} b5
{[%clk 00:48:02]} {[%emt 00:00:27]} 27. Ra5 {[%clk 00:14:20]} {[%emt 00:03:28]}
Qxd4+ {[%clk 00:47:55]} {[%emt 00:00:36]} 28. Kh1 {[%clk 00:13:53]} {[%emt
00:00:56]} b4 {[%clk 00:46:17]} {[%emt 00:02:09]} 29. g3 {[%clk 00:10:14]}
{[%emt 00:04:09]} h6 {[%clk 00:44:47]} {[%emt 00:01:59]} 30. Rb5 {[%clk
00:07:13]} {[%emt 00:03:30]} Rc8 {[%clk 00:42:23]} {[%emt 00:02:56]} 31. Qe1
{[%clk 00:04:06]} {[%emt 00:05:47]} Qb2 {[%clk 00:37:22]} {[%emt 00:03:20]} 32.
Nf1 {[%clk 00:01:19]} {[%emt 00:03:13]} Rc1 {[%clk 00:34:12]} {[%emt 00:03:44]}
33. Rxb4 {[%clk 00:01:01]} {[%emt 00:00:49]} Rxe1 {[%clk 00:33:11]} {[%emt
00:01:30]} 34. Rxb2 {[%clk 00:01:18]} {[%emt 00:00:13]} Rxf1+ {[%clk 00:33:33]}
{[%emt 00:00:09]} 35. Kg2 {[%emt 00:00:20]} Rd1 {[%clk 00:33:30]} {[%emt
00:00:16]} 0-1

[Event "DEM U14w 2024"]
[Site "Willingen GER"]
[Date "2024.05.19"]
[Round "2"]
[White "Richter, Johanna"]
[Black "Funke, Luise"]
[Result "1-0"]
[Termination "normal"]
[Board "10"]
[WhiteElo "1741"]
[BlackElo "1330"]
[WhiteClock "00:24:02"]
[BlackClock "00:25:08"]
[PlyCount "135"]
[WhiteFideId "16278925"]
[BlackFideId "34623752"]
[EventCountry "GER"]
[EventRounds "9"]
[EventType "swiss"]
[EventDate "2024.05.18"]

1. d4 {[%clk 01:30:59]} d5 {[%clk 01:30:52]} {[%emt 00:00:08]} 2. Nf3 {[%clk
01:31:18]} {[%emt 00:00:11]} Nf6 {[%clk 01:30:20]} {[%emt 00:01:02]} 3. g3
{[%clk 01:31:44]} {[%emt 00:00:05]} e6 {[%clk 01:30:35]} {[%emt 00:00:14]} 4.
Bg2 {[%clk 01:32:08]} {[%emt 00:00:07]} Be7 {[%clk 01:30:28]} {[%emt 00:00:37]}
5. O-O {[%clk 01:32:29]} {[%emt 00:00:09]} O-O {[%clk 01:30:44]} {[%emt
00:00:13]} 6. c4 {[%clk 01:32:53]} {[%emt 00:00:07]} Nbd7 {[%clk 01:29:10]}
{[%emt 00:02:04]} 7. cxd5 {[%clk 01:30:09]} {[%emt 00:03:14]} exd5 {[%clk
01:29:26]} {[%emt 00:00:14]} 8. Nc3 {[%clk 01:28:24]} {[%emt 00:02:15]} Re8
{[%clk 01:28:28]} {[%emt 00:01:28]} 9. Bf4 {[%clk 01:26:19]} {[%emt 00:02:31]}
Nf8 {[%clk 01:27:28]} {[%emt 00:01:33]} 10. Qc2 {[%clk 01:23:17]} {[%emt
00:03:32]} Bd6 {[%clk 01:21:22]} {[%emt 00:06:37]} 11. Bxd6 {[%clk 01:23:15]}
{[%emt 00:00:32]} cxd6 {[%clk 01:19:22]} {[%emt 00:02:29]} 12. Nd2 {[%clk
01:21:11]} {[%emt 00:02:34]} Be6 {[%clk 01:16:40]} {[%emt 00:03:12]} 13. e3
{[%clk 01:20:52]} {[%emt 00:00:49]} Qc8 {[%clk 01:13:48]} {[%emt 00:03:22]} 14.
Rac1 {[%clk 01:18:34]} {[%emt 00:02:48]} Bh3 {[%clk 01:13:15]} {[%emt
00:01:03]} 15. Qb3 {[%clk 01:18:45]} {[%emt 00:00:19]} Bxg2 {[%clk 01:10:10]}
{[%emt 00:03:35]} 16. Kxg2 {[%clk 01:18:08]} {[%emt 00:01:07]} Qf5 {[%clk
01:05:14]} {[%emt 00:05:25]} 17. Nb5 {[%clk 01:12:57]} {[%emt 00:05:36]} Red8
{[%clk 00:59:03]} {[%emt 00:06:47]} 18. Nc7 {[%clk 00:52:23]} {[%emt 00:21:05]}
Rab8 {[%clk 00:55:06]} {[%emt 00:04:26]} 19. Nb1 {[%clk 00:45:48]} {[%emt
00:07:06]} Ng6 {[%clk 00:50:00]} 20. f3 {[%clk 00:38:33]} {[%emt 00:13:20]} Qg5
{[%clk 00:47:06]} 21. f4 {[%clk 00:33:22]} {[%emt 00:09:06]} Qg4 {[%clk
00:45:38]} 22. Nxd5 {[%clk 00:27:43]} {[%emt 00:08:07]} Nh4+ {[%clk 00:45:07]}
{[%emt 00:01:00]} 23. Kh1 {[%clk 00:27:43]} {[%emt 00:00:29]} Nf5 {[%clk
00:38:06]} {[%emt 00:07:31]} 24. Nxf6+ {[%clk 00:22:26]} {[%emt 00:05:48]} gxf6
{[%clk 00:38:25]} {[%emt 00:00:12]} 25. Qd3 {[%clk 00:16:41]} {[%emt 00:05:29]}
Qh3 {[%clk 00:34:54]} {[%emt 00:04:46]} 26. e4 {[%clk 00:16:33]} {[%emt
00:00:38]} Nh6 {[%clk 00:34:11]} {[%emt 00:01:12]} 27. Rc2 {[%clk 00:13:17]}
{[%emt 00:03:47]} Rdc8 {[%clk 00:29:28]} {[%emt 00:07:10]} 28. Nc3 {[%clk
00:12:38]} {[%emt 00:00:05]} b5 {[%clk 00:29:10]} {[%emt 00:00:07]} 29. Rfc1
{[%clk 00:12:21]} {[%emt 00:00:35]} b4 {[%clk 00:26:11]} {[%emt 00:03:29]} 30.
Nd5 {[%clk 00:12:32]} {[%emt 00:00:19]} Rxc2 {[%clk 00:24:45]} {[%emt
00:01:56]} 31. Qxc2 {[%clk 00:12:43]} {[%emt 00:00:18]} Ng4 {[%clk 00:21:53]}
{[%emt 00:03:22]} 32. Ne7+ {[%clk 00:12:10]} {[%emt 00:01:03]} Kf8 {[%clk
00:20:52]} {[%emt 00:01:32]} 33. Nf5 {[%clk 00:12:03]} {[%emt 00:00:37]} Rd8
{[%clk 00:14:14]} {[%emt 00:07:07]} 34. Qg2 {[%clk 00:10:11]} {[%emt 00:02:20]}
Qh5 {[%clk 00:13:34]} {[%emt 00:01:12]} 35. h3 {[%clk 00:06:36]} {[%emt
00:04:05]} Nh6 {[%clk 00:10:46]} {[%emt 00:03:19]} 36. Nxh6 {[%clk 00:06:20]}
{[%emt 00:00:46]} Qxh6 {[%clk 00:11:07]} {[%emt 00:00:09]} 37. Rc7 {[%clk
00:05:47]} {[%emt 00:01:03]} Ra8 {[%clk 00:08:53]} {[%emt 00:02:44]} 38. Kh2
{[%clk 00:03:38]} {[%emt 00:06:04]} a5 {[%clk 00:08:23]} 39. Rc6 {[%clk
00:02:20]} {[%emt 00:00:11]} f5 {[%clk 00:08:22]} {[%emt 00:00:04]} 40. e5
{[%clk 00:02:11]} {[%emt 00:00:17]} Qe6 {[%clk 00:05:49]} {[%emt 00:03:02]} 41.
Rxd6 {[%clk 00:01:29]} {[%emt 00:01:13]} Qc8 {[%clk 00:05:57]} {[%emt
00:00:22]} 42. Rc6 {[%clk 00:01:15]} {[%emt 00:00:44]} Qd7 {[%clk 00:04:24]}
{[%emt 00:02:03]} 43. d5 {[%clk 00:29:57]} {[%emt 00:01:47]} Rd8 {[%clk
00:34:03]} {[%emt 00:00:51]} 44. d6 {[%clk 00:27:39]} {[%emt 00:02:48]} Qe6
{[%clk 00:32:06]} {[%emt 00:02:28]} 45. b3 {[%clk 00:26:12]} {[%emt 00:01:58]}
Qd7 {[%clk 00:30:04]} {[%emt 00:02:31]} 46. Qc2 {[%clk 00:22:58]} {[%emt
00:03:43]} Qb7 {[%clk 00:28:04]} {[%emt 00:02:31]} 47. Qc5 {[%clk 00:23:01]}
{[%emt 00:00:27]} Qa8 {[%clk 00:27:33]} {[%emt 00:01:01]} 48. d7+ {[%clk
00:22:41]} {[%emt 00:00:49]} Kg7 {[%clk 00:24:52]} {[%emt 00:03:11]} 49. Rc8
{[%clk 00:21:11]} {[%emt 00:02:01]} Qa6 {[%clk 00:23:10]} {[%emt 00:02:12]} 50.
Rxd8 {[%clk 00:20:21]} {[%emt 00:01:20]} Qe2+ {[%clk 00:23:26]} {[%emt
00:00:14]} 51. Kg1 {[%clk 00:20:47]} {[%emt 00:00:04]} Qe1+ {[%clk 00:22:48]}
{[%emt 00:04:00]} 52. Kg2 {[%clk 00:21:07]} Qe2+ {[%clk 00:23:06]} 53. Qf2
{[%clk 00:21:10]} Qe4+ {[%clk 00:23:05]} {[%emt 00:00:06]} 54. Kh2 {[%clk
00:21:33]} {[%emt 00:00:03]} Qc6 {[%clk 00:23:19]} {[%emt 00:00:05]} 55. Rg8+
{[%clk 00:21:33]} {[%emt 00:00:07]} Kxg8 {[%clk 00:23:40]} {[%emt 00:00:02]}
56. d8=Q+ {[%clk 00:21:58]} Kg7 {[%clk 00:23:57]} {[%emt 00:00:02]} 57. Qf6+
{[%clk 00:22:15]} {[%emt 00:00:03]} Qxf6 {[%clk 00:24:03]} 58. exf6+ {[%clk
00:22:44]} Kxf6 {[%clk 00:24:15]} {[%emt 00:00:12]} 59. Qb6+ {[%clk 00:22:57]}
{[%emt 00:00:18]} Kg7 {[%clk 00:24:31]} {[%emt 00:00:14]} 60. Qxa5 {[%clk
00:23:07]} {[%emt 00:00:20]} f6 {[%clk 00:24:37]} {[%emt 00:00:24]} 61. Qxb4
{[%clk 00:23:31]} {[%emt 00:00:06]} Kg6 {[%clk 00:24:48]} {[%emt 00:00:19]} 62.
a4 {[%clk 00:23:17]} {[%emt 00:00:44]} h5 {[%clk 00:24:51]} {[%emt 00:00:26]}
63. a5 {[%clk 00:23:38]} {[%emt 00:00:10]} Kh6 {[%clk 00:25:08]} {[%emt
00:00:13]} 64. a6 {[%clk 00:24:02]} {[%emt 00:00:06]}  Kg6 65. a7 Kh6 66. a8=Q
Kg6 67. Qg8+ Kh6 68. Qbf8# 1-0